El viejo y el mar /
Guardado en:
| Autor Principal: | |
|---|---|
| Formato: | Libro |
| Publicado: |
México :
Editores Mexicanos Unidos,
2004
|
| Series: | Colección Literaria Universal
|
| Materias: | |
| Etiquetas: |
Agregar Etiqueta
Sin Etiquetas, Sea el primero en etiquetar este registro!
|
| LEADER | 00689nam a22002415a 4500 | ||
|---|---|---|---|
| 001 | CEM.cems013225 | ||
| 005 | 20091125093310.0 | ||
| 008 | 130507s2004##################000#0#####d | ||
| 003 | CEMS | ||
| 020 | |a 9681501764 | ||
| 082 | 0 | 4 | |a 813.5 |
| 100 | 1 | |a Hemingway, Ernesto | |
| 245 | 1 | 0 | |a El viejo y el mar / |c Ernesto Hemingway |
| 260 | |a México : |b Editores Mexicanos Unidos, |c 2004 | ||
| 300 | |a 115 p. | ||
| 490 | 0 | |a Colección Literaria Universal | |
| 653 | |a Literatura | ||
| 653 | |a Literatura eeuu | ||
| 653 | |a Literatura norteamericana | ||
| 653 | |a Novelas | ||
| 653 | |a Novela eeuu | ||
| 653 | |a Novela norteamericana | ||
| 859 | |a CEMS |b BIB. CEMS - 11 de abril |h 813.5 |i H373-5 |p 25731.09 |t Ej.1 | ||
